00731nam a2200169Ia 4500003000900000008004100009040001600050080001800066110005200084245018700136260006500323300001600388650004100404942000700445999001500452952009400467IN-BaIIA211028s9999 xx 000 0 eng d cIIA Library a083.7:62bASM aAmerican Society of Mechanical Engineers912072 0a1980 ASME boiler and pressure vessel code section NC division 1 nuclear power plant components subsection NC clas 2 compcThe American Society of Mechanical Engineers  aNew YorkbThe American Society of Mechanical Engineersc1980 axxii, 321p. aAstronomy and Astrophysics Thesaurus cBK c7058d7058 00104070aBANbKAVcGENd1982-04-27l0o083.7:62/ ASMp7838r2021-11-05w1982-04-27yBK